|
|
|
|
| LEADER |
00000nab a2200000ua 4500 |
| 001 |
vtls010754329 |
| 003 |
SK-MaSNL |
| 005 |
20260305001244.0 |
| 008 |
250718s2001 xo |||||||||||||||||slo| |
| 035 |
|
|
|a (urnnbn)urn:nbn:sk:snk:ar-a013o0
|
| 035 |
|
|
|a (uuid)881c4a66-8741-4301-926b-8b2d4ca663cd
|
| 035 |
|
|
|a urn:nbn:sk:snk-ab4d0j
|
| 040 |
|
|
|a SNKBUCL
|b slo
|c SNKBUCL
|e AACR2
|
| 041 |
0 |
|
|a slo
|
| 044 |
|
|
|a xo
|c SK
|
| 100 |
1 |
|
|a Forgáč, Peter
|4 aut
|9 5725
|
| 245 |
1 |
0 |
|a Smith & Wesson 5906 Tactical
|c Peter Forgáč
|
| 773 |
0 |
|
|t Zbrane, strelci a lovci
|g Roč. 2, č. 9 (2001), s. 6-8
|
| 850 |
|
|
|a Slovenská národná knižnica
|
| 852 |
|
|
|a Slovenská národná knižnica
|
| 954 |
|
|
|a odborná, vedecká literatúra pôvodná (slovenská)
|2 lita
|
| 958 |
|
|
|a article3
|
| 958 |
|
|
|a OND
|
| 958 |
|
|
|a EUIPO
|
| 999 |
|
|
|c 3218213
|d 3220143
|